| 000 | 00651nam a2200217 a 4500 | ||
|---|---|---|---|
| 001 | BRL_1503 | ||
| 005 | 20190320211234.0 | ||
| 008 | 161215s1945----mx-ao#####---#000-0#spa-# | ||
| 041 | _aspa | ||
| 044 | _amx | ||
| 050 | 4 |
_aF1219.3.M4 _b.M37 1945 |
|
| 245 | 1 | 0 |
_aMáscaras mexicanas _b2a exposición de la Sociedad de Arte Moderno, México, enero de 1945. |
| 260 |
_aMéxico _bSEP _c1945 |
||
| 300 |
_a82 p. _bil. _c28 cm. |
||
| 500 | _aAu1746 | ||
| 500 | _aEstado físico: encuadernado, agosto 2014 | ||
| 650 | 1 | 4 |
_aMáscaras _vExposiciones _zMéxico _923518 |
| 710 | 2 |
_aSociedad de Arte Moderno (México) _927119 |
|
| 902 | _aGRL | ||
| 942 |
_2lcc _cB |
||
| 999 |
_c10313 _d10313 |
||